| 000 | 01042nam a22002897a 4500 | ||
|---|---|---|---|
| 001 | 9568 | ||
| 003 | FISKH | ||
| 005 | 20260123143903.0 | ||
| 008 | 260123b cb ||||| |||| 00| 0 eng d | ||
| 020 | _a9781784162122 | ||
| 040 |
_aFISKH _beng _cFISKH _dFISKH |
||
| 050 | _aPZ7 .Z837 .B | ||
| 082 | _a823.92 | ||
| 100 |
_aZusak, Markus _eAuthor |
||
| 245 |
_aThe book of thief / _cMarkus Zusak ; with illustrations by Trudy White |
||
| 260 |
_aDublin : _bPenguin Random House , _c2005 |
||
| 300 |
_a552 pages : _billustrations ; _c20 cm |
||
| 505 | _aR | ||
| 520 | _aTrying to make sense of the horrors of World War II, Death relates the story of Liesel--a young German girl whose book-stealing and story-telling talents help sustain her family and the Jewish man they are hiding, as well as their neighbors. | ||
| 521 | 8 |
_a730
_bLexile |
|
| 521 | 8 |
_aR
_bRaz-Plus |
|
| 650 |
_aGermany _vHistorical |
||
| 650 |
_aHistorical fiction _vHitler |
||
| 700 |
_aWhite, Trudy _eIllustrator |
||
| 942 |
_2ddc _cBK _n0 |
||
| 999 |
_c9568 _d9568 |
||